Countries voting against recognizing Crimea as Ukraine - Statistics

General Stats
  • This quiz has been taken 282 times
    240 since last reset
  • The average score is 15 of 26
Answer Stats
Hint Answer % Correct
17 Russia
95%
7 China
88%
3 Belarus
86%
12 Iran
81%
15 North Korea
80%
2 Armenia
72%
22 Syria
70%
25 Venezuela
70%
9 Cuba
68%
13 Kazakhstan
67%
18 Serbia
67%
24 Uzbekistan
66%
11 India
63%
21 Sudan
47%
10 Eritrea
45%
26 Zimbabwe
45%
14 Nicaragua
44%
6 Cambodia
41%
4 Bolivia
40%
20 South Sudan
39%
1 Angola
38%
19 South Africa
36%
23 Uganda
35%
5 Burundi
30%
8 Comoros
22%
16 Philippines
22%
No matching quizzes found
Score Distribution
Percent of People with Each Score
Percentile by Number Answered
Your Score History
You have not taken this quiz since the last reset